=LDR 00000nam 2200000 4500 =001 INLIS000000000008318 =005 20130612100218 =008 ***********************************Ind** =035 ##$$0010-061300000008318 =041 ##$$a Ind =082 ##$$a 495.7 =090 ##$$a 495.7, Pan c =100 ##$$a Pong Kook Lee =245 ##$$a Cara praktis bahasa Korea, Pong Kook Lee, Chi Sik Ryu =260 ##$$a 1996 $b Jakarta =300 ##$$a viii, 85 hlm, 18 cm =650 ##$$a Bahasa Korea-Percakapan =700 ##$$a Chi Sik Ryu